• 首页
  • 本馆介绍
  • 公告通知
  • 最新文献
  • 馆藏检索
  • 电子资源
  • 读者导购
  • 参考咨询
  • 我的图书馆
  • 登录
  • 详细信息显示
  • 放入我的书架
  • 预约/预借图书
  • 作者相关作品
  • 分类相关作品
  • 丛书相关作品
  • 出版社相关作品

书目信息

  • 表格格式
  • 工作单格式
  • 卡片格式
题名:
孩子都有向上的心
    
 
作者: 陶宏开 著
分册:  
出版信息: 长沙   湖南人民出版社  2005
页数: 248页
开本: 21cm
丛书名:
单 册:
中图分类: G775
科图分类:
主题词: 青少年教育
电子资源:
ISBN: 7-5438-3862-1
000 00763nam0 2200241 45
001 0900000027468
005 20051205105315.89
010    @a7-5438-3862-1@dCNY17.50
092    @aCN
100    @a20050401d2005 ekmy0chiy0120 ea
101 0  @achi
102    @aCN@b430000
105    @aa z 000yy
200 1  @a孩子都有向上的心@9hai zi dou you xiang shang de xin@f陶宏开著@Ftao hong kai zhu
210    @a长沙@c湖南人民出版社@d2005
215    @a248页@c图@d21cm
330    @a本书主要包括:挽救上网成瘾者行动,网瘾成患猛于虎,上网成瘾的原因分析,戒除网瘾的方法,素质教育才是灵丹妙药五部分内容。
606 0  @a青少年教育
690    @aG775@v4
701  0 @a陶宏开@Atao hong kai@4著
801  0 @aCN@bCXYBOOK@c20051205
905    @a10447@dG775@e3
999    @aHSJ@eJDD
    
    孩子都有向上的心/陶宏开著.-长沙:湖南人民出版社,2005
    248页:图;21cm
    
    
    ISBN 7-5438-3862-1:CNY17.50
    本书主要包括:挽救上网成瘾者行动,网瘾成患猛于虎,上网成瘾的原因分析,戒除网瘾的方法,素质教育才是灵丹妙药五部分内容。
●
相关链接 在E读中查询图书 在五车中查询图书 在当当中查询图书 在豆瓣中查询图书


正题名:孩子都有向上的心     索取号:G775/3         预约/预借

序号 登录号 条形码 馆藏地/架位号 状态 备注
1 0370038   203700389   第一样本阅览室/ [索取号:G775/3] 在馆    
2 0370039   203700398   第四借阅区/ [索取号:G775/3] 在馆    
3 0370040   203700405   第四借阅区/ [索取号:G775/3] 在馆    
4 0370041   203700414   第四借阅区/ [索取号:G775/3] 在馆    
5 0370042   203700423   第四借阅区/ [索取号:G775/3] 在馆    
唐山师范学院图书馆 欢迎您!
大连网信软件有限公司© 版权所有